Statistics for MLB Baseball Records

Click here to take the quiz!

General Stats

  • This quiz has been taken 18,797 times
    (16,487 since last reset)
  • The average score is 15 of 27

Answer Stats

Record Season Player % Correct
73 home runs2001Barry Bonds
91%
4,256 hits-Pete Rose
88%
2,632 consecutive
games played
-Cal Ripken
86%
5,714 strikeouts (pitcher)-Nolan Ryan
80%
130 stolen bases1982Rickey Henderson
78%
.690 slugging %-Babe Ruth
78%
56 game hitting streak1941Joe DiMaggio
76%
652 saves-Mariano Rivera
74%
511 wins-Cy Young
74%
.367 batting average-Ty Cobb
68%
262 hits2004Ichiro Suzuki
66%
7 Cy Young awards-Roger Clemens
60%
13 Golden Gloves (shortstop)-Ozzie Smith
58%
10 World Series
championships (player)
-Yogi Berra
58%
2,297 RBI's-Hank Aaron
56%
81 pickoffs (catcher)-Ivan Rodriguez
54%
.482 on-base %-Ted Williams
54%
16 Golden Gloves (third base)-Brooks Robinson
48%
.394 batting average
(1950-present)
1994Tony Gwynn
48%
355 wins (since 1950)-Greg Maddux
47%
1.12 ERA
(starting pitcher, 1950-present)
1968Bob Gibson
46%
Oldest pitcher to win a game
(49 years)
-Jamie Moyer
36%
59 consecutive scoreless
innings pitched
1988Orel Hershiser
34%
191 RBI's1930Hack Wilson
31%
31 wins (1950-present)1968Denny McLain
22%
223 strikeouts (batter)2009Mark Reynolds
20%
23 triples (1950-present)2007Curtis Granderson
12%

Score Distribution

Percentile by Number Answered

Percent of People with Each Score

Your Score History

You have not taken this quiz since the last reset